Lord Derby 'King of Lancashire': the official life of EDward, seventeenth Earl of Derby 1865- 1948 (Record no. 414425)

000 -LEADER
fixed length control field 00459cam a22001217a 4500
008 - FIXED-LENGTH DATA ELEMENTS--GENERAL INFORMATION
fixed length control field 180718b1959 xxu||||| |||| 00| 0 eng d
082 ## - DEWEY DECIMAL CLASSIFICATION NUMBER
Classification number A99 D444/c475
100 ## - MAIN ENTRY--PERSONAL NAME
Personal name Churchill, Randolph S.
245 ## - TITLE STATEMENT
Title Lord Derby 'King of Lancashire': the official life of EDward, seventeenth Earl of Derby 1865- 1948
Statement of responsibility, etc. by Randolph S. Churchill
260 ## - PUBLICATION, DISTRIBUTION, ETC.
Place of publication, distribution, etc. London
Name of publisher, distributor, etc. Heinemann
Date of publication, distribution, etc. 1959
300 ## - PHYSICAL DESCRIPTION
Extent xii, 641p
650 ## - SUBJECT ADDED ENTRY--TOPICAL TERM
Topical term or geographic name entry element Derby, Edward George Villiers Stanley, Earl of, 1865-1948
Holdings
Withdrawn status Lost status Damaged status Not for loan Permanent Location Current Location Date acquired Full call number Barcode Date last seen Price effective from Koha item type
        Indian Institute of Public Administration Indian Institute of Public Administration 2009-02-24 A99 D444/c475 22949 2018-07-21 2018-07-21 Book

Powered by Koha